Manual básico de Geografía: Chile, América y el mundo
Salvato in:
| Autori principali: | , |
|---|---|
| Natura: | Libro |
| Lingua: | spagnolo |
| Pubblicazione: |
Santiago
Andrés Bello
2010
|
| Edizione: | 2a. ed |
| Soggetti: | |
| Tags: |
Aggiungi Tag
Nessun Tag, puoi essere il primo ad aggiungerne!!
|
MARC
| LEADER | 00000cam a2200000 a 4500 | ||
|---|---|---|---|
| 001 | UCG9641 | ||
| 003 | CL-VaPUC | ||
| 008 | 120323e20100100CL |||||||||||||||||spa|d | ||
| 020 | |a 9789561319721 | ||
| 082 | 0 | 4 | |a 372.891 |b CER |2 21 |
| 100 | |a Cereceda Troncoso, Pilar |e author |9 570307 | ||
| 700 | |a Errázuriz Korner, Ana María |e author |9 307242 | ||
| 245 | 1 | 0 | |a Manual básico de Geografía: Chile, América y el mundo |
| 250 | |a 2a. ed | ||
| 300 | |a 175 p | ||
| 942 | |c BK | ||
| 945 | |d 20120323 00:00:00 |a dcastane | ||
| 260 | |a Santiago |b Andrés Bello |c 2010 | ||
| 650 | 7 | |a GEOGRAFIA ENSEÑANZA |2 CL-VaPUC |9 308946 | |
| 650 | 0 | |a Geografía física |9 259347 | |
| 650 | 0 | |a Geografía humana |9 267193 | |
| 583 | |a last modification |c 20120323 11:52:00 |k Rodrigo Vera | ||
| 999 | |c 347187 |d 347185 | ||